000 00517nam a2200205Ia 4500
001 5249
003 GE_BSU
008 181216s||||||||xx |||||||||||||| ||und||
040 _cGE_BSU
080 _a512.13
100 _aБлох, А.Ш., Трухан, Т.Л.
245 _aНеравенства
245 _cРед. К. М.Лукашевич
260 _aМинск
260 _bНародная Асвета
260 _c1972
300 _a224с.22 см.
653 _aНеравенства
942 _cBK
999 _c38840
_d38840